| 000 | 01218naa a22003377a 4500 | ||
|---|---|---|---|
| 001 | BR7405556 | ||
| 003 | BR-BrBNA | ||
| 005 | 20240918173633.0 | ||
| 007 | ta | ||
| 008 | 230509b bl.||||| |||| 00| 0 por d | ||
| 040 |
_aBR-BrBNA _bpor _cBiblioteca Nacional de Agricultura |
||
| 041 | _a(Pt) | ||
| 072 |
_aE15; F00; E70 _b0150 _bG514 |
||
| 090 | _aE15 BR7405556 | ||
| 100 | 1 | _aGastaud, G.S. | |
| 111 | 1 |
_aCongresso Estadual de Orizicultura _cPorto Alegre, RS (Brazil) _d29 Jan 1966 |
|
| 245 | 1 | _aComentarios acerca do aumento da produtividade na lavoura arrozeira [Oryza sativa; Adubacao; Rio Grande do Sul; Brasil] | |
| 260 | 3 |
_aPorto Alegre, RS (Brasil): _c1966. |
|
| 500 | _aAnais do Congresso Estadual de Orizicultura Porto Alegre, RS (Brasil): 1966. p. 234-237 (BR7405556-AM)E15 | ||
| 650 | _aProducao vegetal | ||
| 650 | _aComercializacao | ||
| 650 | _aCusto de producao | ||
| 650 | _aProdutividade | ||
| 650 | _aAdubacao | ||
| 650 | _aMercado nacional | ||
| 650 | _aPreco | ||
| 650 | _aRio Grande do Sul | ||
| 773 | 0 |
_tAnais do Congresso Estadual de Orizicultura _wE15 BR7405556 _gPorto Alegre, RS (Brasil), 1966. p. 234-237 |
|
| 909 |
_a202404 _bLucia _c55 _dLucia Elande |
||
| 942 |
_cAM _2AGRIS |
||
| 999 |
_c305892 _d305892 |
||